Как рисует машина

Bibliographische Detailangaben
1. Verfasser: Котов Ю. В. Юрий Владимирович
Sprache:Russisch
Veröffentlicht: Москва, Наука, 1988
Schlagworte:
Format: MixedMaterials Buch
KOHA link:https://koha.lib.tpu.ru/cgi-bin/koha/opac-detail.pl?biblionumber=38624

MARC

LEADER 00000nam0a2200000 4500
001 38624
005 20231031010338.0
010 |a 502013791X 
035 |a (RuTPU)RU\TPU\book\39411 
090 |a 38624 
100 |a 20020312d1988 km y0rusy50 ca 
101 0 |a rus 
102 |a RU 
105 |a a z 001zy 
200 1 |a Как рисует машина  |f Ю. В. Котов 
210 |a Москва  |c Наука  |d 1988 
215 |a 217 с.  |c ил. 
320 |a Библиогр. в конце кн. 
610 1 |a информатика 
610 1 |a вычислительная техника 
610 1 |a машинная графика 
675 |a 681.327.11  |v 3 
700 1 |a Котов  |b Ю. В.  |g Юрий Владимирович 
801 1 |a RU  |b 63413507  |c 20020312  |g PSBO 
801 2 |a RU  |b 63413507  |c 20160830  |g PSBO 
942 |c BK